• Escuelas públicas

di Topical Term

Records bibliografici associati: 1

001 - CONTROL NUMBER

  • control field: 61799

003 - CONTROL NUMBER IDENTIFIER

  • control field: IT-RoINE

005 - DATE AND TIME OF LATEST TRANSACTION

  • control field: 20190725085820.0

008 - FIXED-LENGTH DATA ELEMENTS

  • fixed length control field: 190725|| aca||aabn | a|a d

040 ## - CATALOGING SOURCE

  • Original cataloging agency: IT-RoINE
  • Transcribing agency: IT-RoINE

150 ## - HEADING--TOPICAL TERM

  • Topical term or geographic name as entry element: Escuelas públicas
  • Geographic subdivision: España
  • Chronological subdivision: 1901-1945

670 ## - SOURCE DATA FOUND

  • Source citation: Work cat.: (IT-RoINE)0: Luzuriaga, Lorenzo, 16380 1889-1959, La escuela única /, 2004.